000 00391nam a2200157Ia 4500
008 200305s9999 xx 000 0 und d
020 _a978-81-7305-300-6
082 _a934
082 _bCHR
100 _aCHAKRAVARTY K.K., BADAM G.L.
245 _aRIVER VALLEY CULTURES OF INDIA
260 _aNEW DELHI
_bARYAN BOOKS INTERNATIONAL
300 _a356
650 _aHISTORY
999 _c40491
_d40491
041 _aeng